[Event "Titled Tuesday intern op 19th Sep Late"]
[Site "Chess.com INT"]
[Date "2023.09.19"]
[Round "1"]
[White "Martin Fuentes, Alberto"]
[Black "Ardila, Oscar Humberto"]
[Result "1/2-1/2"]
[WhiteElo "2376"]
[BlackElo "1979"]
[PlyCount "164"]
[EventDate "2023.09.19"]
[EventType "swiss (blitz)"]
[EventRounds "11"]
[EventCountry "USA"]
[SourceTitle "EXT 2024"]
[Source "ChessBase"]
[SourceDate "2023.10.10"]
[SourceVersion "1"]
[SourceVersionDate "2023.10.10"]
[SourceQuality "1"]

1. e4 e5 2. Nf3 Nf6 3. d4 Nxe4 4. Bd3 d5 5. Nxe5 Be7 6. 0-0 0-0 7. c4 c6 8. Nc3 Nxc3 9. bxc3 Nd7 10. Nxd7 Bxd7 11. cxd5 cxd5 12. Qh5 f5 13. Bf4 g6 14. Qf3 Bc6 15. Rfe1 Bf6 16. Be5 Qd7 17. Bxf6 Rxf6 18. Re5 Re8 19. Rae1 Rfe6 20. Qf4 Rxe5 21. dxe5 Re6 22. Qd4 a6 23. f4 Qe7 24. h3 Qh4 25. Qf2 Qe7 26. Kh2 Qa3 27. Qd2 Qc5 28. Be2 Qf2 29. Rf1 Qc5 30. Bf3 Re8 31. Rd1 Rd8 32. Qd4 Qxd4 33. Rxd4 b5 34. g4 Kf7 35. Kg3 Ke6 36. Kf2 Rb8 37. Ke3 a5 38. a3 Rc8 39. Kd2 Bb7 40. Be2 Rc5 41. a4 Bc6 42. axb5 Bxb5 43. Bxb5 Rxb5 44. Ra4 h5 45. gxh5 gxh5 46. Kd3 Kd7 47. Ra1 Kc6 48. Kd4 Rc5 49. Rg1 Rc4+ 50. Kd3 Rxf4 51. Rg6+ Kc5 52. Rf6 Rf3+ 53. Kd2 Rxh3 54. Rxf5 a4 55. e6 Kd6 56. Re5 Kxe5 57. e7 Rh2+ 58. Ke1 Rh1+ 59. Kf2 Kd6 60. e8Q Rb1 61. Qxa4 Ke5 62. Qd4+ Kd6 63. Kg3 Rb2 64. Kf4 Rb5 65. Kg5 Kc6 66. Kxh5 Rc5 67. Kg6 Rc4 68. Qd3 Kc5 69. Kf6 Re4 70. Kf5 Rc4 71. Qd2 Re4 72. Qb2 Rc4 73. Qa3+ Kc6 74. Qa6+ Kc5 75. Qc8+ Kb5 76. Qd7+ Kc5 77. Qc7+ Kb5 78. Qe5 Kc5 79. Qe7+ Kb5 80. Qa3 Kc6 81. Kf6 Re4 82. Kf5 Rc4 1/2-1/2

[Event "Titled Tuesday intern op 19th Sep Late"]
[Site "Chess.com INT"]
[Date "2023.09.19"]
[Round "4"]
[White "Martin Fuentes, Alberto"]
[Black "Han, Yichen"]
[Result "1-0"]
[WhiteElo "2376"]
[BlackElo "2413"]
[PlyCount "115"]
[EventDate "2023.09.19"]
[EventType "swiss (blitz)"]
[EventRounds "11"]
[EventCountry "USA"]
[SourceTitle "EXT 2024"]
[Source "ChessBase"]
[SourceDate "2023.10.10"]
[SourceVersion "1"]
[SourceVersionDate "2023.10.10"]
[SourceQuality "1"]

1. e4 c5 2. Nc3 a6 3. g3 b5 4. Bg2 Bb7 5. d3 e6 6. Nh3 Nc6 7. 0-0 Qb6 8. Be3 Nf6 9. f4 Be7 10. e5 Ng8 11. Ne4 0-0-0 12. a3 f5 13. Nd6+ Bxd6 14. exd6 Nd4 15. Bxb7+ Kxb7 16. c3 Nh6 17. cxd4 cxd4 18. Qf3+ Kb8 19. Bd2 Rc8 20. Rac1 Ng4 21. Nf2 Ne3 22. Rfe1 Nd5 23. Qe2 h5 24. Qe5 h4 25. Rxc8+ Rxc8 26. Rc1 Rxc1+ 27. Bxc1 hxg3 28. hxg3 Qc5 29. Qe1 Qxd6 30. Qe5 Qxe5 31. fxe5 Kc7 32. Nh3 d6 33. Nf4 dxe5 34. Nxe6+ Kb6 35. Nxg7 f4 36. gxf4 exf4 37. Nf5 b4 38. Nxd4 bxa3 39. bxa3 Kc5 40. Nc2 Nc3 41. Kf2 Kd5 42. Kf3 Na4 43. Bxf4 Nc5 44. Ke3 Nb3 45. Bg3 Nc5 46. Be1 Nb3 47. Nb4+ Kc5 48. Nxa6+ Kb5 49. Nb4 Ka4 50. Nc2 Nc5 51. Bb4 Ne6 52. d4 Nc7 53. Ke4 Kb3 54. Ne3 Nb5 55. d5 Ka4 56. d6 Na7 57. Kd5 Nc6 58. Kxc6 1-0

[Event "Titled Tuesday intern op 19th Sep Late"]
[Site "Chess.com INT"]
[Date "2023.09.19"]
[Round "3"]
[White "Martin Fuentes, Alberto"]
[Black "Movahed, Sina"]
[Result "0-1"]
[WhiteElo "2376"]
[BlackElo "2441"]
[PlyCount "104"]
[EventDate "2023.09.19"]
[EventType "swiss (blitz)"]
[EventRounds "11"]
[EventCountry "USA"]
[SourceTitle "EXT 2024"]
[Source "ChessBase"]
[SourceDate "2023.10.10"]
[SourceVersion "1"]
[SourceVersionDate "2023.10.10"]
[SourceQuality "1"]

1. e4 c5 2. Nc3 d6 3. g3 g6 4. Bg2 Bg7 5. d3 Nc6 6. Be3 h5 7. h3 e6 8. Qd2 Nge7 9. Nge2 Rb8 10. 0-0 b5 11. f4 b4 12. Nd1 Bd7 13. g4 hxg4 14. hxg4 a5 15. f5 gxf5 16. exf5 Be5 17. Bf4 exf5 18. Bxe5 dxe5 19. gxf5 Nxf5 20. Rxf5 Bxf5 21. Bxc6+ Kf8 22. Nf2 Rb6 23. Bg2 Rg6 24. Qe3 Rhg8 25. Qxc5+ Qe7 26. Qd5 Rxg2+ 27. Qxg2 Rxg2+ 28. Kxg2 e4 29. Ng3 e3 30. Nxf5 Qg5+ 31. Ng3 exf2 32. Rf1 Qe5 33. b3 Qd5+ 34. Kh2 Qc5 35. Ne4 Qxc2 36. Rxf2 Qxd3 37. Ng5 f5 38. Kg2 Ke7 39. Nf3 Kf6 40. Rd2 Qe3 41. Rd6+ Kg7 42. Rd2 Kg6 43. Rd6+ Kh5 44. Rd4 Qe2+ 45. Kg3 Qxa2 46. Rd5 Kg6 47. Nd4 a4 48. Rd6+ Kf7 49. bxa4 b3 50. Nxb3 Qxb3+ 51. Kf4 Qb4+ 52. Kxf5 Qxd6 0-1

[Event "Titled Tuesday intern op 19th Sep Early"]
[Site "Chess.com INT"]
[Date "2023.09.19"]
[Round "7"]
[White "Martin Fuentes, Alberto"]
[Black "Ozen, Deniz"]
[Result "0-1"]
[WhiteElo "2376"]
[BlackElo "2382"]
[PlyCount "114"]
[EventDate "2023.09.19"]
[EventType "swiss (blitz)"]
[EventRounds "11"]
[EventCountry "USA"]
[SourceTitle "EXT 2024"]
[Source "ChessBase"]
[SourceDate "2023.10.10"]
[SourceVersion "1"]
[SourceVersionDate "2023.10.10"]
[SourceQuality "1"]

1. e4 e5 2. Nf3 Nf6 3. d4 d5 4. dxe5 Nxe4 5. Nbd2 Be7 6. Nxe4 dxe4 7. Qxd8+ Bxd8 8. Ng5 Bf5 9. Bc4 0-0 10. e6 Bxg5 11. exf7+ Kh8 12. Bxg5 Nc6 13. Bb3 Bg6 14. 0-0-0 Bxf7 15. Bh4 Bxb3 16. axb3 Rf7 17. Rhe1 Re8 18. Rd2 h6 19. Rde2 g5 20. Bg3 Rfe7 21. c3 Kg7 22. Kc2 Kg6 23. h4 a5 24. hxg5 hxg5 25. Rh1 e3 26. f3 Nd8 27. Rhe1 Nf7 28. Bh2 Nh6 29. g4 Nf7 30. Bg1 Ne5 31. Rf1 Nc6 32. f4 gxf4 33. Rxf4 Re4 34. Rxe4 Rxe4 35. Rxe3 Rxg4 36. Re1 Rg2+ 37. Kb1 Kf5 38. Be3 Ne5 39. Bc1 b6 40. Rf1+ Ke6 41. Re1 Kf5 42. Rf1+ Kg6 43. Re1 Nd3 44. Rd1 Nc5 45. Ka2 Kf6 46. Bf4 Ne4 47. Ka3 c5 48. Bc7 b5 49. Bxa5 Rg8 50. b4 c4 51. Rd5 Ke6 52. Rxb5 Rg1 53. Ka2 Nd2 54. Rc5 Kd6 55. Rc6+ Kxc6 56. b3 cxb3+ 57. Kb2 Kb5 0-1

[Event "Titled Tuesday intern op 19th Sep Early"]
[Site "Chess.com INT"]
[Date "2023.09.19"]
[Round "1"]
[White "Rios Parra, Alejandro"]
[Black "Martin Fuentes, Alberto"]
[Result "0-1"]
[WhiteElo "2185"]
[BlackElo "2376"]
[PlyCount "94"]
[EventDate "2023.09.19"]
[EventType "swiss (blitz)"]
[EventRounds "11"]
[EventCountry "USA"]
[SourceTitle "EXT 2024"]
[Source "ChessBase"]
[SourceDate "2023.10.10"]
[SourceVersion "1"]
[SourceVersionDate "2023.10.10"]
[SourceQuality "1"]

1. e4 e6 2. d4 d5 3. Nd2 Be7 4. Ngf3 Nf6 5. e5 Nfd7 6. c3 c5 7. Bd3 Nc6 8. 0-0 a5 9. Re1 cxd4 10. cxd4 Qb6 11. Qa4 Qb4 12. Bb5 Qxa4 13. Bxa4 Nb6 14. Bxc6+ bxc6 15. a4 c5 16. dxc5 Bxc5 17. Nb3 Bb4 18. Rd1 Bd7 19. Nbd4 Bxa4 20. b3 Bd7 21. Be3 0-0 22. Nxe6 fxe6 23. Bxb6 Rfb8 24. Bd4 h6 25. h3 Be8 26. Rdc1 Rb7 27. Bc5 Bh5 28. Bxb4 Rxb4 29. Nd2 Ra7 30. Rc5 Rd4 31. Ra2 Be2 32. f3 a4 33. bxa4 Rdxa4 34. Rxa4 Rxa4 35. Kf2 Bd3 36. Rc8+ Kh7 37. Rc6 Ra2 38. Ke3 Bb5 39. Rxe6 d4+ 40. Kxd4 Rxd2+ 41. Kc5 Bf1 42. Rd6 Rxg2 43. e6 Re2 44. h4 Bh3 45. Kd5 Bg2 46. Rb6 Bxf3+ 47. Kd6 Bg4 0-1

[Event "Titled Tuesday intern op 19th Sep Late"]
[Site "Chess.com INT"]
[Date "2023.09.19"]
[Round "5"]
[White "Vasquez Schroder, Rodrigo Rafael"]
[Black "Martin Fuentes, Alberto"]
[Result "1-0"]
[WhiteElo "2478"]
[BlackElo "2376"]
[PlyCount "111"]
[EventDate "2023.09.19"]
[EventType "swiss (blitz)"]
[EventRounds "11"]
[EventCountry "USA"]
[SourceTitle "EXT 2024"]
[Source "ChessBase"]
[SourceDate "2023.10.10"]
[SourceVersion "1"]
[SourceVersionDate "2023.10.10"]
[SourceQuality "1"]

1. e4 e6 2. d4 d5 3. Nc3 Bb4 4. e5 b6 5. Bd2 Ne7 6. Bb5+ c6 7. Ba4 Ba6 8. Nce2 Bxd2+ 9. Qxd2 0-0 10. Nf3 c5 11. c3 Nbc6 12. 0-0 Rc8 13. Rfe1 cxd4 14. Nexd4 Nxd4 15. Nxd4 b5 16. Bc2 Nc6 17. Nf3 b4 18. cxb4 Nxb4 19. Bxh7+ Kxh7 20. Qxb4 Rb8 21. Qd2 Qb6 22. b3 Qb4 23. Qc2+ Kg8 24. Ng5 Qh4 25. f4 Rfc8 26. Qd2 Qg4 27. Rac1 Qf5 28. Nf3 Qd3 29. Qxd3 Bxd3 30. Kf2 Be4 31. Nd4 Kf8 32. g3 Ke8 33. Ke3 Kd7 34. h4 f6 35. Kd2 a6 36. Rxc8 Rxc8 37. Rc1 Rf8 38. Ke3 fxe5 39. fxe5 a5 40. Rc6 Rf1 41. Rd6+ Kc8 42. Nxe6 Rf3+ 43. Kd4 Rxg3 44. Nc5 Rg4 45. Nxe4 Rxe4+ 46. Kxd5 Rxh4 47. Rc6+ Kd8 48. Ra6 a4 49. Rxa4 Rh2 50. Ke6 Rh6+ 51. Kf7 g5 52. Rd4+ Kc7 53. e6 Rh7+ 54. Kg6 Re7 55. Kf6 Re8 56. Kf7 1-0

[Event "Titled Tuesday intern op 19th Sep Early"]
[Site "Chess.com INT"]
[Date "2023.09.19"]
[Round "8"]
[White "Wu, Derek"]
[Black "Martin Fuentes, Alberto"]
[Result "0-1"]
[WhiteElo "2255"]
[BlackElo "2376"]
[PlyCount "104"]
[EventDate "2023.09.19"]
[EventType "swiss (blitz)"]
[EventRounds "11"]
[EventCountry "USA"]
[SourceTitle "EXT 2024"]
[Source "ChessBase"]
[SourceDate "2023.10.10"]
[SourceVersion "1"]
[SourceVersionDate "2023.10.10"]
[SourceQuality "1"]

1. d4 Nf6 2. c4 c5 3. d5 b5 4. cxb5 a6 5. e3 g6 6. Nc3 Bg7 7. Nf3 d6 8. a4 0-0 9. Be2 axb5 10. Bxb5 Ba6 11. 0-0 Ne4 12. Bd2 Bxb5 13. axb5 Rxa1 14. Qxa1 Nf6 15. e4 Nbd7 16. Qa6 Qb6 17. Ra1 Rb8 18. h3 Ne8 19. Qxb6 Nxb6 20. Ra7 Kf8 21. Bg5 f6 22. Bc1 Nc8 23. Ra5 Nc7 24. Nd2 Ke8 25. Nc4 Nb6 26. b3 f5 27. Na4 Nxa4 28. bxa4 fxe4 29. b6 Nxd5 30. Rb5 Nc3 31. Ra5 Ne2+ 32. Kf1 Nxc1 33. Ra7 Nb3 34. a5 d5 35. Ne3 Nxa5 36. Rxa5 e6 37. Ra7 Bd4 38. b7 Kd7 39. Nc2 Kc7 40. Ra6 Rxb7 41. Rxe6 Rb1+ 42. Ke2 Rb2 43. Kd1 Bxf2 44. Re7+ Kd6 45. Rxh7 d4 46. Rg7 d3 47. Rxg6+ Kd5 48. Na3 e3 49. Rg5+ Kc6 50. Nc4 e2+ 51. Kc1 Rc2+ 52. Kb1 e1Q# 0-1